| 000 | 01049nam a2200277Ia 4500 | ||
|---|---|---|---|
| 003 | OSt | ||
| 005 | 20221005105019.0 | ||
| 006 | a|||||r|||| 00| 0 | ||
| 007 | ta | ||
| 008 | 221004b |||||||| |||| 00| 0 hin d | ||
| 020 |
_a8185999899 (hbk) _c500 |
||
| 024 | _a88767 | ||
| 037 |
_b460, 25/03/2008, Swaraj Prakashan _cTextual |
||
| 040 |
_aCRL _cCRL _bhin |
||
| 041 |
_2hin _ahin |
||
| 082 | _aWxM851, 152P6 | ||
| 100 | _aलूकाच, जार्ज | ||
| 245 | 0 | _aसमकालीन यर्थाथवाद | |
| 246 | _aSamakālīn yarthāthavāda | ||
| 260 |
_aदिल्ली _bस्वराज प्रकाशन भारत _c2006 |
||
| 300 |
_a128पृ0 _ccm. |
||
| 650 | _aराजनीतिक विज्ञान | ||
| 700 | _a चौहान, कर्ण सिंह, अनु. | ||
| 942 |
_hWxM851, 152P6 _cTEXL _2cc |
||
| 999 |
_c1014463 _d1014463 |
||